| 000 | 01235cam a22002891a 4500 | ||
|---|---|---|---|
| 001 | gs 49000156 | ||
| 003 | DLC | ||
| 005 | 20260227111355.0 | ||
| 008 | 761113s1949 dcuabf f001 0 eng | ||
| 010 | _ags 49000156 | ||
| 035 | _a(OCoLC)2556741 | ||
| 040 |
_aDLC _cTx _dDNAL _dDLC |
||
| 050 | 0 | 0 |
_aTC801 _b.U2 no. 1069 |
| 070 | 0 |
_a407 _bG29W no.1069 |
|
| 072 | 0 | _aP200 | |
| 100 | 1 | _aSundstrom, R. W. | |
| 245 | 1 | 0 |
_aPublic water supplies in central and north-central Texas / _cby R.W. Sundstrom, W.L. Broadhurst, and B.C. Dwyer ; prepared in cooperation with the Texas Board of Water Engineers. |
| 260 |
_aWashington, D.C. : _bU.S. G.P.O., _c1949. |
||
| 300 |
_avii, 128 p., [1] folded leaf of plates : _bill., map ; _c24 cm. |
||
| 440 | 0 |
_aGeological Survey water-supply paper ; _v1069 |
|
| 500 | _aIncludes index. | ||
| 501 |
_aWith: Geology and ground-water resources of St. Croix, Virgin Islands : ground-water resources of a moderately dry Caribbean island / by D.J. Cederstrom. Washington : Govt. Print. Off., 1950. Bound together subsequent to publication. _5DLC |
||
| 650 | 0 |
_aWater-supply _zTexas. |
|
| 650 | 0 |
_aWater _xComposition. |
|
| 700 | 1 |
_aBroadhurst, W. L. _q(William Leslie), _d1905- |
|
| 700 | 1 | _aDwyer, B. C. | |
| 999 |
_c28384 _d28384 |
||